載入...

METRICAL TRANSLATION IN SANSKRIT

書目詳細資料
主要作者: VASUDEVA SHASTRY
格式: Printed Book
出版: KUMBHAKONAM SREE VIDYA PRESS 1895
主題:
LEADER 00434nam a2200169 4500
020
082
100 |a VASUDEVA SHASTRY 
245 |a METRICAL TRANSLATION IN SANSKRIT  |h SANSKRIT 
250
260 |a KUMBHAKONAM  |b SREE VIDYA PRESS  |c 1895 
300 |f PB 
650 |a METRICAL TRANSLATION IN SANSKRIT 
700
942 |c BK 
999 |c 162458  |d 162458 
952 |0 0  |1 0  |4 0  |7 0  |9 175915  |a ORI  |b ORI  |l 0  |p ORIS4114  |r 2019-10-25  |w 2019-10-25  |y BK